<?xml version="1.0" encoding="UTF-8"?>
<collection xmlns="http://www.loc.gov/MARC21/slim">
 <record>
  <leader>06856cam a2201105   4500</leader>
  <controlfield tag="001">394640209</controlfield>
  <controlfield tag="003">DE-627</controlfield>
  <controlfield tag="005">20240805193711.0</controlfield>
  <controlfield tag="007">tu</controlfield>
  <controlfield tag="008">040922s2005    gw ||||| c    00| ||ger c</controlfield>
  <datafield tag="015" ind1=" " ind2=" ">
   <subfield code="a">04,N41,1107</subfield>
   <subfield code="2">dnb</subfield>
  </datafield>
  <datafield tag="015" ind1=" " ind2=" ">
   <subfield code="a">05,A13,1482</subfield>
   <subfield code="2">dnb</subfield>
  </datafield>
  <datafield tag="016" ind1="7" ind2=" ">
   <subfield code="a">972229787</subfield>
   <subfield code="2">DE-101</subfield>
  </datafield>
  <datafield tag="020" ind1=" " ind2=" ">
   <subfield code="a">9783775715225</subfield>
   <subfield code="c"> : Gb.: EUR 39.80, ca. sfr 66.00, ca. EUR 40.90 (AT)</subfield>
   <subfield code="9">978-3-7757-1522-5</subfield>
  </datafield>
  <datafield tag="020" ind1=" " ind2=" ">
   <subfield code="a">3775715223</subfield>
   <subfield code="c">Gb.: EUR 39.80, ca. sfr 66.00, ca. EUR 40.90 (AT)</subfield>
   <subfield code="9">3-7757-1522-3</subfield>
  </datafield>
  <datafield tag="024" ind1="3" ind2=" ">
   <subfield code="a">9783775715225</subfield>
  </datafield>
  <datafield tag="035" ind1=" " ind2=" ">
   <subfield code="a">(DE-627)394640209</subfield>
  </datafield>
  <datafield tag="035" ind1=" " ind2=" ">
   <subfield code="a">(DE-576)115103058</subfield>
  </datafield>
  <datafield tag="035" ind1=" " ind2=" ">
   <subfield code="a">(DE-599)DNB972229787</subfield>
  </datafield>
  <datafield tag="035" ind1=" " ind2=" ">
   <subfield code="a">(OCoLC)76504821</subfield>
  </datafield>
  <datafield tag="035" ind1=" " ind2=" ">
   <subfield code="a">(OCoLC)314612116</subfield>
  </datafield>
  <datafield tag="035" ind1=" " ind2=" ">
   <subfield code="a">(AT-OBV)AC04426586</subfield>
  </datafield>
  <datafield tag="040" ind1=" " ind2=" ">
   <subfield code="a">DE-627</subfield>
   <subfield code="b">ger</subfield>
   <subfield code="c">DE-627</subfield>
   <subfield code="e">rakwb</subfield>
  </datafield>
  <datafield tag="041" ind1=" " ind2=" ">
   <subfield code="a">ger</subfield>
  </datafield>
  <datafield tag="044" ind1=" " ind2=" ">
   <subfield code="c">XA-DE-BW</subfield>
  </datafield>
  <datafield tag="082" ind1="0" ind2=" ">
   <subfield code="a">750</subfield>
   <subfield code="a">750</subfield>
   <subfield code="q">BSZ</subfield>
  </datafield>
  <datafield tag="082" ind1="0" ind2=" ">
   <subfield code="a">750</subfield>
  </datafield>
  <datafield tag="082" ind1="0" ind2="4">
   <subfield code="a">750</subfield>
  </datafield>
  <datafield tag="084" ind1=" " ind2=" ">
   <subfield code="a">KU 75,5</subfield>
   <subfield code="2">sfb</subfield>
  </datafield>
  <datafield tag="084" ind1=" " ind2=" ">
   <subfield code="a">KU 786</subfield>
   <subfield code="2">sfb</subfield>
  </datafield>
  <datafield tag="084" ind1=" " ind2=" ">
   <subfield code="a">9,10</subfield>
   <subfield code="2">ssgn</subfield>
  </datafield>
  <datafield tag="084" ind1=" " ind2=" ">
   <subfield code="a">LH 42800</subfield>
   <subfield code="q">BVB</subfield>
   <subfield code="2">rvk</subfield>
   <subfield code="0">(DE-625)rvk/93484:</subfield>
  </datafield>
  <datafield tag="084" ind1=" " ind2=" ">
   <subfield code="a">LO 34210</subfield>
   <subfield code="2">rvk</subfield>
   <subfield code="0">(DE-625)rvk/103076:</subfield>
  </datafield>
  <datafield tag="084" ind1=" " ind2=" ">
   <subfield code="a">15.63</subfield>
   <subfield code="2">bkl</subfield>
  </datafield>
  <datafield tag="084" ind1=" " ind2=" ">
   <subfield code="a">21.00</subfield>
   <subfield code="2">bkl</subfield>
  </datafield>
  <datafield tag="090" ind1=" " ind2=" ">
   <subfield code="a">a</subfield>
  </datafield>
  <datafield tag="245" ind1="1" ind2="4">
   <subfield code="a">Der Zauber des Alltäglichen</subfield>
   <subfield code="b">holländische Malerei von Adriaen Brouwer bis Johannes Vermeer ; [anlässlich der Ausstellung &quot;Der Zauber des Alltäglichen. Holländische Malerei von Adriaen Brouwer bis Johannes Vermeer&quot;, Museum Boijmans Van Beuningen, Rotterdam, 23. Oktober 2004 - 9. Januar 2005 ; Städelsches Kunstinstitut und Städtische Galerie, Frankfurt am Main, 10. Februar - 1. Mai 2005]</subfield>
   <subfield code="c">[Hrsg.:] Jeroen Giltaij. Peter Hecht ... Rotterdam, Museum Boijmans van Beuningen; Frankfurt am Main, Städelsches Kunstinstitut und Städtische Galerie</subfield>
  </datafield>
  <datafield tag="246" ind1="3" ind2="3">
   <subfield code="a">Engl. Ausg.: Senses and Sins</subfield>
  </datafield>
  <datafield tag="263" ind1=" " ind2=" ">
   <subfield code="a">Gb. : ca. EUR 39.80, ca. sfr 66.00, ca. EUR 40.90 (AT)</subfield>
  </datafield>
  <datafield tag="264" ind1=" " ind2="1">
   <subfield code="a">[Ostfildern-Ruit]</subfield>
   <subfield code="b">Hatje Cantz</subfield>
   <subfield code="c">2005</subfield>
  </datafield>
  <datafield tag="300" ind1=" " ind2=" ">
   <subfield code="a">295 S.</subfield>
   <subfield code="b">überw. Ill.</subfield>
   <subfield code="c">30 cm</subfield>
  </datafield>
  <datafield tag="336" ind1=" " ind2=" ">
   <subfield code="a">Text</subfield>
   <subfield code="b">txt</subfield>
   <subfield code="2">rdacontent</subfield>
  </datafield>
  <datafield tag="336" ind1=" " ind2=" ">
   <subfield code="a">unbewegtes Bild</subfield>
   <subfield code="b">sti</subfield>
   <subfield code="2">rdacontent</subfield>
  </datafield>
  <datafield tag="337" ind1=" " ind2=" ">
   <subfield code="a">ohne Hilfsmittel zu benutzen</subfield>
   <subfield code="b">n</subfield>
   <subfield code="2">rdamedia</subfield>
  </datafield>
  <datafield tag="338" ind1=" " ind2=" ">
   <subfield code="a">Band</subfield>
   <subfield code="b">nc</subfield>
   <subfield code="2">rdacarrier</subfield>
  </datafield>
  <datafield tag="500" ind1=" " ind2=" ">
   <subfield code="a">Engl. Ausg. u.d.T.: Senses and sins. - Niederländ. Ausg. u.d.T.: Zinnen en minnen</subfield>
  </datafield>
  <datafield tag="520" ind1=" " ind2=" ">
   <subfield code="a">Elegante Damen in Satinroben, Mägde mit gestärkten Hauben und nachdenkliche Gelehrte in ihrem Studierzimmer - über keine Lebenskultur scheinen wir so viel zu wissen wie über das Leben im &quot;Goldenen Zeitalter&quot;. Dennoch birgt die ordentliche Welt der holländischen Bürger Doppelbödigkeiten. Die Dame des Hauses trinkt am helllichten Tage Wein, Schoßhündchen kopulieren auf blanken Marmorfliesen und ein grober Bauer zieht angewiderte Fratzen. Die Publikation präsentiert die vielfältigen Themen und Bedeutungen dieser mit dem Gattungsbegriff &quot;Genre&quot; nur unzureichend bezeichneten Malerei. Anhand der gezeigten Schlüsselwerke von Meistern wie Adriaen Brouwer, Adriaen van Ostade, Gerrit Dou, Gerard ter Borch, Jan Steen, Pieter de Hooch, Gabriel Metsu, Frans van Mieris und Johannes Vermeer wird die Formulierung eines neuen Gattungsbegriffs versucht</subfield>
  </datafield>
  <datafield tag="583" ind1="1" ind2=" ">
   <subfield code="a">Archivierung/Langzeitarchivierung gewährleistet</subfield>
   <subfield code="f">PEBW</subfield>
   <subfield code="x">XA-DE-BW</subfield>
   <subfield code="2">pdager</subfield>
   <subfield code="5">DE-24</subfield>
  </datafield>
  <datafield tag="583" ind1="1" ind2=" ">
   <subfield code="a">Archivierung/Langzeitarchivierung gewährleistet</subfield>
   <subfield code="f">SSG</subfield>
   <subfield code="x">XA-DE-BW</subfield>
   <subfield code="2">pdager</subfield>
   <subfield code="5">DE-16</subfield>
  </datafield>
  <datafield tag="650" ind1=" " ind2="4">
   <subfield code="a">Genremalerei</subfield>
  </datafield>
  <datafield tag="650" ind1=" " ind2="4">
   <subfield code="a">Barock</subfield>
  </datafield>
  <datafield tag="650" ind1=" " ind2="4">
   <subfield code="a">Genremalerei</subfield>
  </datafield>
  <datafield tag="650" ind1=" " ind2="4">
   <subfield code="a">Ausstellung</subfield>
  </datafield>
  <datafield tag="650" ind1=" " ind2="4">
   <subfield code="a">Ausstellung</subfield>
  </datafield>
  <datafield tag="651" ind1=" " ind2="4">
   <subfield code="a">Niederlande</subfield>
  </datafield>
  <datafield tag="651" ind1=" " ind2="4">
   <subfield code="a">Rotterdam &lt;2004&gt;</subfield>
  </datafield>
  <datafield tag="651" ind1=" " ind2="4">
   <subfield code="a">Niederlande</subfield>
  </datafield>
  <datafield tag="651" ind1=" " ind2="4">
   <subfield code="a">Rotterdam &lt;2004&gt;</subfield>
  </datafield>
  <datafield tag="655" ind1=" " ind2="7">
   <subfield code="a">Ausstellungskatalog</subfield>
   <subfield code="y">2004</subfield>
   <subfield code="z">Rotterdam</subfield>
   <subfield code="0">(DE-588)4135467-9</subfield>
   <subfield code="0">(DE-627)10566491X</subfield>
   <subfield code="0">(DE-576)209660988</subfield>
   <subfield code="2">gnd-content</subfield>
  </datafield>
  <datafield tag="689" ind1="0" ind2="0">
   <subfield code="d">g</subfield>
   <subfield code="0">(DE-588)4042203-3</subfield>
   <subfield code="0">(DE-627)104400765</subfield>
   <subfield code="0">(DE-576)209049030</subfield>
   <subfield code="a">Niederlande</subfield>
   <subfield code="2">gnd</subfield>
  </datafield>
  <datafield tag="689" ind1="0" ind2="1">
   <subfield code="d">s</subfield>
   <subfield code="0">(DE-588)4020173-9</subfield>
   <subfield code="0">(DE-627)104377348</subfield>
   <subfield code="0">(DE-576)208932208</subfield>
   <subfield code="a">Genremalerei</subfield>
   <subfield code="2">gnd</subfield>
  </datafield>
  <datafield tag="689" ind1="0" ind2="2">
   <subfield code="a">z</subfield>
   <subfield code="2">gnd</subfield>
   <subfield code="a">Geschichte 1600-1700</subfield>
  </datafield>
  <datafield tag="689" ind1="0" ind2=" ">
   <subfield code="5">DE-101</subfield>
  </datafield>
  <datafield tag="689" ind1="1" ind2="0">
   <subfield code="d">s</subfield>
   <subfield code="0">(DE-588)4004541-9</subfield>
   <subfield code="0">(DE-627)106385380</subfield>
   <subfield code="0">(DE-576)208856447</subfield>
   <subfield code="a">Barock</subfield>
   <subfield code="2">gnd</subfield>
  </datafield>
  <datafield tag="689" ind1="1" ind2="1">
   <subfield code="d">s</subfield>
   <subfield code="0">(DE-588)4020173-9</subfield>
   <subfield code="0">(DE-627)104377348</subfield>
   <subfield code="0">(DE-576)208932208</subfield>
   <subfield code="a">Genremalerei</subfield>
   <subfield code="2">gnd</subfield>
  </datafield>
  <datafield tag="689" ind1="1" ind2="2">
   <subfield code="d">g</subfield>
   <subfield code="0">(DE-588)4042203-3</subfield>
   <subfield code="0">(DE-627)104400765</subfield>
   <subfield code="0">(DE-576)209049030</subfield>
   <subfield code="a">Niederlande</subfield>
   <subfield code="2">gnd</subfield>
  </datafield>
  <datafield tag="689" ind1="1" ind2="3">
   <subfield code="a">z</subfield>
   <subfield code="2">gnd</subfield>
   <subfield code="a">Geschichte 1600-1700</subfield>
  </datafield>
  <datafield tag="689" ind1="1" ind2=" ">
   <subfield code="5">DE-101</subfield>
  </datafield>
  <datafield tag="700" ind1="1" ind2=" ">
   <subfield code="a">Vermeer van Delft, Jan</subfield>
   <subfield code="d">1632-1675</subfield>
   <subfield code="0">(DE-588)118626590</subfield>
   <subfield code="0">(DE-627)035320249</subfield>
   <subfield code="0">(DE-576)163408718</subfield>
   <subfield code="4">oth</subfield>
  </datafield>
  <datafield tag="700" ind1="1" ind2=" ">
   <subfield code="a">Brouwer, Adriaen</subfield>
   <subfield code="d">1605-1638</subfield>
   <subfield code="e">Ill.</subfield>
   <subfield code="0">(DE-588)118674382</subfield>
   <subfield code="0">(DE-627)079458009</subfield>
   <subfield code="0">(DE-576)209269952</subfield>
   <subfield code="4">ill</subfield>
  </datafield>
  <datafield tag="700" ind1="1" ind2=" ">
   <subfield code="a">Giltaij, Jeroen</subfield>
   <subfield code="d">1945-</subfield>
   <subfield code="0">(DE-588)1027843166</subfield>
   <subfield code="0">(DE-627)729901645</subfield>
   <subfield code="0">(DE-576)166018104</subfield>
   <subfield code="4">oth</subfield>
  </datafield>
  <datafield tag="700" ind1="1" ind2=" ">
   <subfield code="a">Hecht, Peter</subfield>
   <subfield code="d">1951-</subfield>
   <subfield code="0">(DE-588)131989588</subfield>
   <subfield code="0">(DE-627)516475266</subfield>
   <subfield code="0">(DE-576)16134397X</subfield>
   <subfield code="4">oth</subfield>
  </datafield>
  <datafield tag="710" ind1="2" ind2=" ">
   <subfield code="a">Museum Boijmans van Beuningen</subfield>
   <subfield code="0">(DE-588)1007928-2</subfield>
   <subfield code="0">(DE-627)103113401</subfield>
   <subfield code="0">(DE-576)191174971</subfield>
   <subfield code="4">oth</subfield>
  </datafield>
  <datafield tag="710" ind1="2" ind2=" ">
   <subfield code="a">Städel Museum</subfield>
   <subfield code="0">(DE-588)5313082-0</subfield>
   <subfield code="0">(DE-627)265459915</subfield>
   <subfield code="0">(DE-576)197493009</subfield>
   <subfield code="4">oth</subfield>
  </datafield>
  <datafield tag="711" ind1="2" ind2=" ">
   <subfield code="a">Ausstellung Der Zauber des Alltäglichen. Holländische Malerei von Adriaen Brouwer bis Johannes Vermeer</subfield>
   <subfield code="d">2004 - 2005</subfield>
   <subfield code="c">Rotterdam; Frankfurt, Main</subfield>
   <subfield code="0">(DE-588)10097376-0</subfield>
   <subfield code="0">(DE-627)480933162</subfield>
   <subfield code="0">(DE-576)200183427</subfield>
   <subfield code="4">oth</subfield>
  </datafield>
  <datafield tag="787" ind1="0" ind2="8">
   <subfield code="i">Rezension</subfield>
   <subfield code="a">Häder, Ulf, 1966 - </subfield>
   <subfield code="t">[Rezension von: Der Zauber des Alltäglichen]</subfield>
   <subfield code="d">2005</subfield>
   <subfield code="w">(DE-627)1543879764</subfield>
   <subfield code="w">(DE-576)47387976X</subfield>
  </datafield>
  <datafield tag="856" ind1="4" ind2="2">
   <subfield code="u">http://bvbr.bib-bvb.de:8991/F?func=service&amp;doc_library=BVB01&amp;doc_number=012960046&amp;line_number=0001&amp;func_code=DB_RECORDS&amp;service_type=MEDIA</subfield>
   <subfield code="m">V:DE-604</subfield>
   <subfield code="q">application/pdf</subfield>
   <subfield code="3">Klappentext</subfield>
  </datafield>
  <datafield tag="856" ind1="4" ind2="2">
   <subfield code="u">https://swbplus.bsz-bw.de/bsz115103058vlg.htm</subfield>
   <subfield code="m">V:DE-576</subfield>
   <subfield code="q">text/html</subfield>
   <subfield code="3">Inhaltstext</subfield>
  </datafield>
  <datafield tag="856" ind1="4" ind2="2">
   <subfield code="u">https://swbplus.bsz-bw.de/bsz115103058inh.htm</subfield>
   <subfield code="m">V:DE-576</subfield>
   <subfield code="3">Inhaltsverzeichnis</subfield>
  </datafield>
  <datafield tag="935" ind1=" " ind2=" ">
   <subfield code="i">sf</subfield>
  </datafield>
  <datafield tag="935" ind1=" " ind2=" ">
   <subfield code="i">Blocktest</subfield>
  </datafield>
  <datafield tag="936" ind1="r" ind2="v">
   <subfield code="a">LH 42800</subfield>
   <subfield code="b">Frankfurt (Main)</subfield>
   <subfield code="k">Kunstgeschichte</subfield>
   <subfield code="k">Allgemeines. Allgemeine Kunstgeschichte</subfield>
   <subfield code="k">Ausstellungswesen, Ausstellungskataloge</subfield>
   <subfield code="k">Ausstellungskataloge</subfield>
   <subfield code="k">Orte F</subfield>
   <subfield code="k">Frankfurt (Main)</subfield>
   <subfield code="0">(DE-627)1270636472</subfield>
   <subfield code="0">(DE-625)rvk/93484:</subfield>
   <subfield code="0">(DE-576)200636472</subfield>
  </datafield>
  <datafield tag="936" ind1="r" ind2="v">
   <subfield code="a">LO 34210</subfield>
   <subfield code="b">Altniederländische Malerei (= 15. und 16. Jahrhundert zusammen) und 15. Jahrhundert allein</subfield>
   <subfield code="k">Kunstgeschichte</subfield>
   <subfield code="k">Kunst nach Ländern bzw. Kontinenten</subfield>
   <subfield code="k">Holland, Belgien, Luxemburg (im folgenden als Niederlande bezeichnet)</subfield>
   <subfield code="k">Niederländische Kunstgeschichte nach Gattungen</subfield>
   <subfield code="k">Malerei</subfield>
   <subfield code="k">Ordnung nach Epochen</subfield>
   <subfield code="k">Altniederländische Malerei (= 15. und 16. Jahrhundert zusammen) und 15. Jahrhundert allein</subfield>
   <subfield code="0">(DE-627)1271190125</subfield>
   <subfield code="0">(DE-625)rvk/103076:</subfield>
   <subfield code="0">(DE-576)201190125</subfield>
  </datafield>
  <datafield tag="936" ind1="b" ind2="k">
   <subfield code="a">15.63</subfield>
   <subfield code="j">Belgien</subfield>
   <subfield code="j">Niederlande</subfield>
   <subfield code="j">Luxemburg</subfield>
   <subfield code="x">Geschichte</subfield>
   <subfield code="0">(DE-627)181570866</subfield>
  </datafield>
  <datafield tag="936" ind1="b" ind2="k">
   <subfield code="a">21.00</subfield>
   <subfield code="j">Malerei: Allgemeines</subfield>
   <subfield code="0">(DE-627)10640671X</subfield>
  </datafield>
  <datafield tag="951" ind1=" " ind2=" ">
   <subfield code="a">BO</subfield>
  </datafield>
  <datafield tag="990" ind1=" " ind2=" ">
   <subfield code="a">Niederlande</subfield>
  </datafield>
  <datafield tag="990" ind1=" " ind2=" ">
   <subfield code="a">Genremalerei</subfield>
  </datafield>
  <datafield tag="990" ind1=" " ind2=" ">
   <subfield code="a">Geschichte 1600-1700</subfield>
  </datafield>
  <datafield tag="990" ind1=" " ind2=" ">
   <subfield code="a">Barock</subfield>
  </datafield>
  <datafield tag="990" ind1=" " ind2=" ">
   <subfield code="a">Genremalerei</subfield>
  </datafield>
  <datafield tag="990" ind1=" " ind2=" ">
   <subfield code="a">Niederlande</subfield>
  </datafield>
  <datafield tag="990" ind1=" " ind2=" ">
   <subfield code="a">Geschichte 1600-1700</subfield>
  </datafield>
  <datafield tag="991" ind1=" " ind2=" ">
   <subfield code="a">Rezensiertes Werk</subfield>
  </datafield>
  <datafield tag="999" ind1=" " ind2=" ">
   <subfield code="a">KXP-PPN394640209</subfield>
   <subfield code="e">413325449X</subfield>
  </datafield>
 </record>
</collection>
